000
00347nam a2200133Ia 4500
008
100328s9999 xx 000 0 und d
082
_b
35342
100
_a
सामंत माया
245
_a
घरंदाज
260
_b
योगेश्वरी
630
_a
घरंदाज
730
_a
घरंदाज
942
_c
BOOK
999
_c
525284
_d
525281